Statistics for Largest Cities in Marche

Click here to take the quiz!

General Stats

  • This quiz has been taken 14 times
  • The average score is 8 of 10

Answer Stats

PopulationCity% Correct
98,664Ancona
100%
95,753Pesaro
91%
46,079Ascoli Piceno
82%
41,735Civitanova Marche
82%
59,835Fano
82%
35,932Fermo
82%
40,820Macerata
82%
47,040San Benedetto del Tronto
82%
44,088Senigallia
73%
39,183Jesi
55%

Score Distribution

Percentile by Number Answered

Percent of People with Each Score

Your Score History

You have not taken this quiz